000
00285nam a22001337a 4500
008
170207b xxu||||| |||| 00| 0 eng d
020
_a
9780894909573
041
_a
eng
080
_a
61
100
_a
4
101
_a
SHM
245
_a
PLAGUE PESTILENCE
_c
LINDA JACOBS
942
_2
udc
_c
BK
999
_c
4814
_d
4814